000 01555nam0a2200325 4500
001 RU\NLR\bibl\482699
005 20260405164548.0
021 _aRU
_b2003-66568
_93283
035 _a(NLR Aleph) 000475480
090 _a1020468
_c1020468
100 _a20040123d2000 |||y0rusy50 ca
101 0 _arus
_deng
_eeng
102 _aRU
105 _aa |||||||||
200 1 _aГемоглобины рыб: спектральные характеристики и функциональные свойства
_fВ.И. Лукьяненко, А.С. Васильев, И.М. Камшилов
_gОтв. ред. Г.Е. Шульман
_gРос. акад. наук, Ин-т биологии внутр. вод им. И.Д. Папанина, Рос. экол. акад. Верхневолж. отд-ние
210 _aЯрославль
_cВВО РЭА
_d2000
215 _a184,[3] с.
_cил.
_d20
300 _aРез. на англ. яз.
320 _aБиблиогр.: с. 174-183
606 0 _aГемоглобин рыб
_xИсследование
_9893084
_3RU\NLR\auth\66323389
686 _aЕ912.413.1в
700 1 _4070
_8rus
_7ca
_aЛукьяненко
_bВ. И.
_gВладимир Иванович
_3RU\NLR\auth\7770524
_953452
701 1 _aВасильев
_bА. С.
_gАлексей Станиславович
_4070
701 1 _aКамшилов
_bИ. М.
_gИгорь Михайлович
_4070
801 0 _aRU
_bNLR
_c20040123
_gPSBO
801 1 _aRU
_bNLR
_c20040123
830 _aАвт. по кн.
942 _cBOOK
980 _aNB